Mi primer diccionario de inglés con María Pascual (Registro nro. 2055)

Detalles MARC
000 -LEADER
fixed length control field 01247nam a22002057a 4500
003 - CONTROL NUMBER IDENTIFIER
control field OSt
005 - DATE AND TIME OF LATEST TRANSACTION
control field 20260408103820.0
008 - FIXED-LENGTH DATA ELEMENTS--GENERAL INFORMATION
fixed length control field 260408b |||||||| |||| 00| 0 ESP d
082 ## - DEWEY DECIMAL CLASSIFICATION NUMBER
Edition number 84-494-1577-2
100 ## - MAIN ENTRY--PERSONAL NAME
Personal name María Pascual
245 ## - TITLE STATEMENT
Title Mi primer diccionario de inglés con María Pascual
250 ## - EDITION STATEMENT
Edition statement 2DA EDICION VOL1
260 ## - PUBLICATION, DISTRIBUTION, ETC.
Place of publication, distribution, etc. BARCELONA ESPAÑA
Name of publisher, distributor, etc. Océano / Océano El Siglo.
Date of publication, distribution, etc. 2004
300 ## - PHYSICAL DESCRIPTION
Extent 120PAG
Dimensions 22 x 29 cm
490 ## - SERIES STATEMENT
Materials specified papel de alta calidad y tapa dura.
520 ## - SUMMARY, ETC.
Summary, etc. El objetivo de este diccionario es introducir al público infantil en el aprendizaje del idioma inglés de manera lúdica y natural. La obra busca que el lector establezca un vínculo afectivo con la lengua extranjera mediante la asociación directa entre imágenes detalladas y conceptos cotidianos, facilitando así la adquisición de vocabulario básico sin el rigor de la gramática técnica. Su enfoque se centra en despertar la curiosidad y fomentar la autonomía del niño en su primer contacto bilingüe.
650 ## - SUBJECT ADDED ENTRY--TOPICAL TERM
Topical term or geographic name entry element El ámbito personal ,La vida en el hogar El entorno escolar Naturaleza y animales ,Conceptos básicos y abstractos
Form subdivision Escenas Temáticas
General subdivision Bloques de Vocabulario Específico
700 ## - ADDED ENTRY--PERSONAL NAME
Personal name María Pascual
942 ## - ADDED ENTRY ELEMENTS (KOHA)
Source of classification or shelving scheme Dewey Decimal Classification
Koha item type Acceso Libre
Suppress in OPAC No
Existencias
Withdrawn status Lost status Source of classification or shelving scheme Damaged status Not for loan Collection Home library Current library Shelving location Date acquired Source of acquisition Coded location qualifier Inventory number Total checkouts Full call number Barcode Date last seen Copy number Price effective from Koha item type
    Dewey Decimal Classification     Estantería E Fila 3 Biblioteca Stanford Biblioteca Stanford Biblioteca Abierta 08.04.2026 IDIOMAS 0479 0479   INGLES IDIOMA0479 08.04.2026 1 08.04.2026 Acceso Libre
Bienvenido a nuestra Biblioteca